| 000 | 01716nam a2200229Ia 4500 | ||
|---|---|---|---|
| 003 | Ost | ||
| 005 | 20260507075709.0 | ||
| 008 | 260507s9999||||xx |||||||||||||| ||und|| | ||
| 020 | _a9789931778295 | ||
| 040 | _cfsecg | ||
| 041 | _aara | ||
| 082 | _a330.15 | ||
| 100 |
_aبن حمود، سكينة _eمؤلف |
||
| 245 | 0 |
_a الوقائع و الافكار الاقتصادية : _bعصر قديم، عصور وسطى، عصر حديث / _c سكينة بن حمود |
|
| 260 |
_aالجزائر: _bمؤسسة البناء المعرفي, _c2021 |
||
| 300 |
_a194 صفحة؛ _bإيضاحات ؛ _c24 سم |
||
| 504 | _aمراجع ص.183 | ||
| 520 | _aالفكر الاقتصادي في العصور القديمة ، الوقائع و الأفكار الاقتصادية في العصور الوسطى في العلم العربي الاسلامي و في العالم الغربي ، الأنظمة الاقتصادية ماقبل النظام الرأسمالي و النظام الرأسمالي و الرأسمالية و الثورة الصناعية و النظام الإشتراكي ، التيارات الإقتصادية الأساسية ( التجاري،الطبيعي، الكلاسيكي، الماركسي، الحدي)، الفكر الكينزي، الأفكار الاقتصادية المعاصرة للنظام الرأسماي، الازمات الإقتصادية للنظام الرأسمالي (أزمة 1929و أزمة 2088)، النظام النقدي الدولي ، العولمة الإقتصادية، التكتلات الإقتصادية الدولية. | ||
| 653 | _aالمذاهب الاقتصادية | ||
| 653 | _aالوقائع الاقتصادية | ||
| 942 | _cكتاب | ||
| 999 |
_c45881 _d45881 |
||